000 01350cam a22003617a 4500
003 CHAP
005 20220329142930.0
008 050307b2000 mx r 00110 spa d
010 _a89795
011 _a90767
035 _a101324
040 _cCHAP
082 0 4 _a338.642
_bM4
100 0 0 _aMeza González, Liliana.
_975327
245 1 0 _aNecesidades y prioridades de las microempresas y su potencial como arraigadoras de la población mediante generación de empleo e ingreso en México
_c/por Liliana Meza González Carla Pederzini Villareal y Sárah Eva Martínez Pellégrini
260 _aMéxico, D. F. :
_bUniversidad Iberoamericana,
_c(200?).
300 _a113 p.
400 1 0 _aSerie documentos de investigación
400 1 0 _aSerie documentos de investigación
590 _aBATCH-UPD
_b10
_c20130110
_lUCH01
_h1347
590 _aBATCH-UPD
_b10
_c20130410
_lUCH01
_h0845
590 _aBATCH-UPD
_b10
_c20130914
_lUCH01
_h1259
590 _aCONVERSION
_b10
_c20130109
_lUCH01
_h1350
650 1 4 _aEmpleo.
_936545
650 1 4 _aEmpresas pequeñas.
_936658
650 1 4 _aIngresos
_zMéxico.
_958408
700 0 _aMartínez Péllegrini, Sárah Eva.
_972383
700 0 _aPederzini Villareal, Carla.
_986523
901 _aBK
905 _aLilia
942 _cLIBRO
949 _a338.642 M4
_bBC
_cLIBRO
_d33724000952735
_eLIBRO
_h105131
_i101324
_sb
999 _c89795
_d89795